| 000 -LEADER |
| fixed length control field |
01223pab a2200169 454500 |
| 008 - FIXED-LENGTH DATA ELEMENTS--GENERAL INFORMATION |
| fixed length control field |
180718b1999 xxu||||| |||| 00| 0 eng d |
| 100 ## - MAIN ENTRY--PERSONAL NAME |
| Personal name |
Beteille, Andre |
| 245 ## - TITLE STATEMENT |
| Title |
Empowerment |
| 260 ## - PUBLICATION, DISTRIBUTION, ETC. |
| Date of publication, distribution, etc. |
1999 |
| 300 ## - PHYSICAL DESCRIPTION |
| Extent |
p.589-97 |
| 362 ## - DATES OF PUBLICATION AND/OR SEQUENTIAL DESIGNATION |
| Dates of publication and/or sequential designation |
6 and 13 Mar |
| 520 ## - SUMMARY, ETC. |
| Summary, etc. |
Empowerment through the expansion of the civil, political and social rights of citizenship is a laborious and unexciting process. Empowerment through the class struggle was a different story altogether; but that story has now been played out and it offers hardly any new prospect. There is no doubt the prospect of empowerment through caste war; but that is something that will appeal only to those who have put their minds to sleep. So in the end, the Indian way of securing empowerment for the unempowered seems to be by the safe way of providing, as extensively as possible, quotas on the basis of community, caste and gender. But can the belief that quotas, no matter how extensive, can by themselves bring about a radical or even a perceptible redistribution of power be anything more than wishful thinking? - Reproduced |
| 650 ## - SUBJECT ADDED ENTRY--TOPICAL TERM |
| Topical term or geographic name entry element |
Empowerment |
| 650 ## - SUBJECT ADDED ENTRY--TOPICAL TERM |
| Topical term or geographic name entry element |
Civil and political rights |
| 773 ## - HOST ITEM ENTRY |
| Main entry heading |
Economic and Political Weekly |
| 909 ## - |
| -- |
40517 |